LEADER 01159nam0 2200301 450 001 000023905 005 20090611161047.0 100 $a20081216d1919----km-y0itaa50------ba 101 1 $aita 102 $aIT 200 1 $aIn memoriam$fAlfredo Tennyson$gversione interlineare dall'inglese con prefazione e note di Umberto Norsa 210 $aLanciano$c<> Carabba$dpref. 1919 215 $a143 p.$d20 cm 225 2 $aCultura dell'anima$v75 300 $aIn cop. e in testa al front. firma autografa: Sergio de Pilato, dicembre '920 410 0$12001$aCultura dell'anima$v75 676 $a821.8$v(21. ed.)$9Poesia inglese. Periodo vittoriano, 1837-1899 700 1$aTennyson,$bAlfred$f<1809-1892>$0168091 702 1$aNorsa,$bUmberto 801 0$aIT$bUniversitą della Basilicata - B.I.A.$gRICA$2unimarc 912 $a000023905 996 $aIn memoriam$919113 997 $aUNIBAS BAS $aLETTERE CAT $aSTD069$b01$c20081216$lBAS01$h1200 CAT $aTTM$b30$c20090611$lBAS01$h1610 FMT Z30 -1$lBAS01$LBAS01$mBOOK$1BASA1$APolo Storico-Umanistico$2FDEP2$BFondo De Pilato Biscione$3FD/108452$6108452$5L108452$820090701$f52$FRari LEADER 01729nam 2200541 450 001 9910458006503321 005 20200520144314.0 010 $a0-300-21131-7 035 $a(CKB)2550000001288226 035 $a(MiAaPQ)EBC3421431 035 $a(Au-PeEL)EBL3421431 035 $a(CaPaEBR)ebr10881063 035 $a(CaONFJC)MIL602781 035 $a(OCoLC)882258596 035 $a(EXLCZ)992550000001288226 100 $a20140617h20082008 uy 0 101 0 $aeng 135 $aurcnu|||||||| 181 $2rdacontent 182 $2rdamedia 183 $2rdacarrier 200 10$aOut of the East $espices and the medieval imagination /$fPaul Freedman ; designed by Nancy Ovedovitz 210 1$aNew Haven, [Connecticut] ;$aLondon, [England] :$cYale University Press,$d2008. 210 4$d©2008 215 $a1 online resource (285 pages) $cillustrations, maps 311 $a0-300-11199-1 311 $a1-306-71530-X 320 $aIncludes bibliographical references and index. 606 $aSpices$xHistory$yTo 1500 606 $aSpice trade$xSocial aspects$xHistory$yTo 1500 606 $aFood habits$xHistory$yTo 1500 606 $aTrade routes$xHistory$yTo 1500 607 $aEurope$xTerritorial expansion$xHistory$yTo 1500 608 $aElectronic books. 615 0$aSpices$xHistory 615 0$aSpice trade$xSocial aspects$xHistory 615 0$aFood habits$xHistory 615 0$aTrade routes$xHistory 676 $a641.3/383 700 $aFreedman$b Paul H.$f1949-$0896980 702 $aOvedovitz$b Nancy 801 0$bMiAaPQ 801 1$bMiAaPQ 801 2$bMiAaPQ 906 $aBOOK 912 $a9910458006503321 996 $aOut of the East$92004217 997 $aUNINA LEADER 03353nam 2200613 a 450 001 9910484209503321 005 20200520144314.0 010 $a9783540776536 010 $a3540776532 024 7 $a10.1007/978-3-540-77653-6 035 $a(CKB)1000000000437240 035 $a(SSID)ssj0000319202 035 $a(PQKBManifestationID)11222392 035 $a(PQKBTitleCode)TC0000319202 035 $a(PQKBWorkID)10336629 035 $a(PQKB)10719795 035 $a(DE-He213)978-3-540-77653-6 035 $a(MiAaPQ)EBC3068731 035 $a(PPN)127052275 035 $a(EXLCZ)991000000000437240 100 $a20071213d2008 uy 0 101 0 $aeng 135 $aurnn#008mamaa 181 $ctxt 182 $cc 183 $acr 200 00$aNonlinear and optimal control theory $electures given at the C.I.M.E. Summer School held in Cetraro, Italy, June 19-29, 2004 /$fAndrei A. Agrachev ... [et al.] ; editors, Paolo Nistri, Gianna Stefani 205 $a1st ed. 2008. 210 $aBerlin $cSpringer$dc2008 215 $a1 online resource (XIV, 360 p. 78 illus.) 225 1 $aLecture notes in mathematics,$x0075-8434 ;$v1932 300 $a"Fondazione CIME." 311 08$a9783540776444 311 08$a3540776443 320 $aIncludes bibliographical references. 327 $aGeometry of Optimal Control Problems and Hamiltonian Systems -- Lecture Notes on Logically Switched Dynamical Systems -- Input to State Stability: Basic Concepts and Results -- Generalized Differentials, Variational Generators, and the Maximum Principle with State Constraints -- Sliding Mode Control: Mathematical Tools, Design and Applications. 330 $aThe lectures gathered in this volume present some of the different aspects of Mathematical Control Theory. Adopting the point of view of Geometric Control Theory and of Nonlinear Control Theory, the lectures focus on some aspects of the Optimization and Control of nonlinear, not necessarily smooth, dynamical systems. Specifically, three of the five lectures discuss respectively: logic-based switching control, sliding mode control and the input to the state stability paradigm for the control and stability of nonlinear systems. The remaining two lectures are devoted to Optimal Control: one investigates the connections between Optimal Control Theory, Dynamical Systems and Differential Geometry, while the second presents a very general version, in a non-smooth context, of the Pontryagin Maximum Principle. The arguments of the whole volume are self-contained and are directed to everyone working in Control Theory. They offer a sound presentation of the methods employed in the control and optimization of nonlinear dynamical systems. 410 0$aLecture notes in mathematics (Springer-Verlag) ;$v1932. 606 $aNonlinear control theory 606 $aMathematical optimization 615 0$aNonlinear control theory. 615 0$aMathematical optimization. 676 $a629.8/36 701 $aAgrachev$b Andrei A$0472521 701 $aNistri$b Paolo$0503772 701 $aStefani$b Gianna$0503773 712 02$aCentro internazionale matematico estivo. 801 0$bMiAaPQ 801 1$bMiAaPQ 801 2$bMiAaPQ 906 $aBOOK 912 $a9910484209503321 996 $aNonlinear and optimal control theory$94194654 997 $aUNINA LEADER 01732nam 2200325la 450 001 9910482474903321 005 20221102161636.0 035 $a(UK-CbPIL)2090360426 035 $a(CKB)5500000000092424 035 $a(EXLCZ)995500000000092424 100 $a20221102d1556 uy | 101 0 $alat 135 $aurcn#|||a|bb| 200 10$aLiber canonis, de medicinis cordialibus, et cantica / jam olim quidem a Gerardo Carmonensi ex arabico sermone in latinum conversa. Postea vero ab Andrea Alpago Bellunensi ... infinitis pene correctionibus ad veterum exemplarium Arabicorum fidem in margine factis, locupletissimoque nominum Arabicorum ab ipso interpretatorum indice decorata. Nunc autem demum a Benedicto Rinio ... lucubrationibus illustrata ... His accesserunt Avicennae libellus de removendis nocumentis, quae accedunt in regimine sanitatis: ejusdem tractatus de syrupo acetoso. Ab eodem Alpago ex Arabico in Latinum sermonem translati .. 210 $aBasel $cJoannes Hervagios$d1556 215 $aOnline resource ([44], 2004 (i. e. 1104) p., [18] l : woodcuts. , (fol.)) 300 $aReproduction of original in The Wellcome Library, London. 700 $aAvicenna$f980-1037.$0189788 701 $aAlpago$b Andrea$factive 16th century.$0774538 701 $aBlaise$b Armengaud$fapproximately 1264-1312?.$0971503 701 $aArnaldus$cde Villanova,$f1311. 701 $aGherardo$cda Cremona,$f1113 or 1114-1187. 701 $aMassa$b Niccolo?$f1489-1569. 701 $aRinio$b Benedetto$fapproximately 1485-1565.$0973619 801 0$bUk-CbPIL 801 1$bUk-CbPIL 906 $aBOOK 912 $a9910482474903321 996 $aLiber canonis, de medicinis cordialibus, et cantica$92215488 997 $aUNINA